000 00347nam a2200145Ia 4500
008 220216s9999 xx 000 0 und d
100 _aGeorge Benny
245 0 _aDelayed action peroxide vulcanization of EPDM
260 _bRubber India
_c2012
300 _a66-68
650 _aEPDM
650 _aTEMPO
700 _aAlex Rosamma
942 _cJS
999 _c56785
_d56785